بہادر شاہ ظفر / (Record no. 172011)

MARC details
000 -LEADER
fixed length control field 00538nam a22001937a 4500
005 - DATE AND TIME OF LATEST TRANSACTION
control field 20200124150948.0
010 ## - LCCN (DPL NO)
LC control number A-645628
020 ## - INTERNATIONAL STANDARD BOOK NUMBER
Terms of availability 70.00
035 ## - SYSTEM CONTROL NUMBER
System control number A-645628
037 ## - SOURCE OF ACQUISITION
Source of stock number/acquisition BPPD/Pub.
082 ## - DEWEY DECIMAL CLASSIFICATION NUMBER
Classification number 921
100 ## - MAIN ENTRY--PERSONAL NAME
Personal name اسلم پرویز
245 ## - TITLE STATEMENT
Title بہادر شاہ ظفر /
Statement of responsibility, etc اسلم پرویز
246 ## - VARYING FORM OF TITLE
Title proper/short title Bahadur Shah Zafar (Urdu) /
Remainder of title by Aslam Parvez
260 ## - PUBLICATION, DISTRIBUTION, ETC. (IMPRINT)
Place of publication, distribution, etc New Delhi
Name of publisher, distributor, etc Anjuman Taraqqi Urdu
Date of publication, distribution, etc 1986 ء
270 ## - ADDRESS
Address -
City -
Postal code -
300 ## - PHYSICAL DESCRIPTION
Extent 405p.
Dimensions 22cm(Hb)
942 ## - ADDED ENTRY ELEMENTS (KOHA)
Source of classification or shelving scheme Dewey Decimal Classification
Item type Urdu Bks
Classification part 921
Call number suffix ظ ف ر
Holdings
Withdrawn status Lost status Not for loan Collection code Home library Current library Date acquired Source of acquisition Cost, normal purchase price Full call number Barcode Copy number Cost, replacement price Koha item type
      Non-fiction Central Library Central Library 24/01/2020 BPPD/Ven. 70.00 921 ظ ف ر A-645628 1 70.00 Urdu Bks

© Delhi Public Library
Hit Counter
free hit counter